The Greek Experience /

Na minha lista:
Detalhes bibliográficos
Autor principal: Bowra, C.M (autor)
Formato: Livro
Idioma:inglês
Publicado em: Nueva York, EUA : Mentor Books, 1957, c1957
Assuntos:
Tags: Adicionar Tag
Sem tags, seja o primeiro a adicionar uma tag!

MARC

LEADER 00000nam^a2200000^a^4500
001 000260453
005 20250521000000.0
009 20260310110438.849
037 |a Acervo Xavier Clavigero 
041 |a ING 
082 |a 949. 501  |b BOW 
100 |a Bowra, C.M.  |e (autor) 
240 1 4 |a [La aventura griega] 
245 1 4 |a The Greek Experience /  |c C.M. Bowra. 
264 4 |a Nueva York, EUA :  |b Mentor Books,  |c 1957, c1957 
300 |a 223 p. 
336 |a texto  |b txt  |2 rdacontenido 
337 |a sin mediación  |b n  |2 rdamedio 
338 |a volumen  |b nc  |2 rdasoporte 
649 |a XX 
650 |a Democracia -  |z Grecia -  |x Historia 
650 |a Política -  |z Grecia -  |x Historia 
650 |a Dioses 
650 |a Mitología Griega 
650 |a Mitología Clásica 
650 |a Prácticas Culturales -  |z Grecia 
650 |a Cultura Urbana -  |z Grecia 
650 |a Filosofía Griega -  |x Historia y Crítica 
650 |a Filosofía Clásica -  |x Historia y Crítica 
650 |a Literatura Griega -  |x Historia y Crítica 
650 |a Literatura Clásica -  |x Historia y Crítica 
650 |a Grecia -  |x Historia Antigua 
910 |a Fondo General 
920 |a Impresos - Libros 
930 |a Colección General 
905 |a 101 
901 |a 066488  |b IT1  |c ACC  |u 20250521 
901 |a 0500128118  |b IT1  |c ACC  |u 20250521 
902 |a https://opac.biblio.iteso.mx/vufind/Record/000260453